Classement perpétuel de la Première League - Statistiques

Statistiques générales
  • Ce quiz a été pris 7 fois
  • Le résultat moyen est 26 sur 44
Statistiques - réponses
Points Réponses % Correct
1527 Arsenal
100%
1527 Chelsea
100%
1591 Manchester City
100%
175 Leeds United
100%
1553 Liverpool
100%
1554 Manchester United
100%
1329 Tottenham
100%
932 West Ham
100%
464 Wolverhampton
100%
893 Aston Villa
86%
1120 Everton
86%
928 Newcastle
86%
179 Nottingham Forrest
86%
131 Sheffield United
86%
513 Southampton
86%
158 Birmingham
71%
433 Brighton
71%
596 Crystal Palace
71%
504 Leicester
71%
312 Swansea
71%
411 Bournemouth
57%
371 Burnley
57%
64 Cardiff
57%
657 Fulham
57%
201 Norwich City
57%
458 Sunderland
57%
338 Blackburn
43%
39 Blackpool
43%
253 Brentford
43%
11 Derby Count
43%
171 Hull City
43%
26 Luton Town
43%
261 Watford
43%
311 Bolton
29%
81 Charlton
29%
92 Queens Park Rangers
29%
457 Stoke City
29%
430 West Bromwich Albion
29%
53 Huddersfield
14%
22 Ipsich Town
14%
193 Middlesburgh
14%
209 Portsmouth
14%
119 Reading
14%
331 Wigan
14%
Aucun quiz correspondant
Distribution des résultats
% des personnes avec chaque résultat
Percentile par nombre de réponses
Votre historique - résultats
Vous n’avez pas pris ce quiz